Quiz sur Les Vacances de Mr Bean - Statistiques

Statistiques générales
  • Ce quiz a été pris 53 fois
  • Le résultat moyen est 6 sur 12
Statistiques - réponses
Indice Réponse % Correct
Ville où il veut aller Cannes
91%
Acteurs principaux Rowan Atkinson
86%
Ce qu'il veut faire Aller ... to the {beach}
68%
Endroit où Stepan est déjà à bord La gare
59%
Ce qu'il mange au restaurant Le Train Bleu Fruits de mer
50%
Chanson à la fin du film La Mer
50%
Acteurs principaux Emma de Caunes
39%
Acteurs principaux Jean Rochefort
36%
Nom de l'amie actrice Sabine
32%
Acteurs principaux Willem Dafoe
30%
Nom du film que Mr Bean ruine Playback Time
11%
Acteurs principaux Max Baldry
7%
Aucun quiz correspondant
Distribution des résultats
% des personnes avec chaque résultat
Percentile par nombre de réponses
Votre historique - résultats
Vous n’avez pas pris ce quiz